Consultoría monitoreo de políticas públicas en materia migratoria 2005-2006 /
El objetivo del proyecto es "Monitorear los planteamientos, políticas, programas e iniciativas que desde las distintas instancias gubernamentales vinculadas al tratamiento de la migración, se vienen impulsando en la actualidad y las acciones que desde las mismas en la practica, se vienen desarr...
Guardat en:
| Autor principal: | |
|---|---|
| Autor corporatiu: | |
| Altres autors: | |
| Format: | Text |
| Publicat: |
Guatemala:
MENAMIG
|
| Matèries: | |
| Etiquetes: |
Afegir etiqueta
Sense etiquetes, Sigues el primer a etiquetar aquest registre!
|
MARC
| LEADER | 00000 a a2200000 04500 | ||
|---|---|---|---|
| 001 | 14712 | ||
| 003 | |||
| 040 | |||
| 090 | |a 1001 C431c | ||
| 100 | |a Chacón Orizabal, Irma | ||
| 110 | |a Mesa Nacional para las Migraciones en Guatemala | ||
| 245 | |a Consultoría monitoreo de políticas públicas en materia migratoria 2005-2006 / |c Irma Chacón Orizabal | ||
| 260 | |a Guatemala: |b MENAMIG | ||
| 300 | |a 73 p. | ||
| 520 | |a El objetivo del proyecto es "Monitorear los planteamientos, políticas, programas e iniciativas que desde las distintas instancias gubernamentales vinculadas al tratamiento de la migración, se vienen impulsando en la actualidad y las acciones que desde las mismas en la practica, se vienen desarrollando. Dicho monitoreo servirá de base para el análisis que en MENAMIG se realizará para la formulación de una propuesta de Política Migratoria Integral, a impulsar ante las distintas esferas gubernamentales " | ||
| 650 | |a MIGRACION | ||
| 650 | |a POLITICAS PUBLICAS | ||
| 650 | |a GUATEMALA | ||
| 700 | |a Girón Revolorio, Analuisa | ||
| 999 | |c 3727 |d 3727 | ||
